Giáo trình thực hành tin học căn bản văn phòng

Nội dung trình bày về những điều cơ bản của các phần mềm ứng dụng giúp những người mới bắt đầu, làm công tác văn phòng, luyện thi tin học...củng cố kiến thức phần mềm ứng dụng.

Đã lưu trong:
Sonraí Bibleagrafaíochta
Príomhúdar: Ngô, Quang Định
Formáid: Leabhar
Teanga:Undetermined
Foilsithe: Tp. Hồ Chí Minh Thanh niên 2010
Ábhair:
Clibeanna: Cuir Clib Leis
Gan Chlibeanna, Bí ar an gcéad duine leis an taifead seo a chlibeáil!
Thư viện lưu trữ: Trung tâm Học liệu Trường Đại học Cần Thơ
LEADER 01207nam a2200253Ia 4500
001 CTU_174422
008 210402s9999 xx 000 0 und d
020 |c 90000 
082 |a 005.3 
082 |b Đ312 
100 |a Ngô, Quang Định 
245 0 |a Giáo trình thực hành tin học căn bản văn phòng 
245 0 |c Ngô Quang Định 
260 |a Tp. Hồ Chí Minh 
260 |b Thanh niên 
260 |c 2010 
520 |a Nội dung trình bày về những điều cơ bản của các phần mềm ứng dụng giúp những người mới bắt đầu, làm công tác văn phòng, luyện thi tin học...củng cố kiến thức phần mềm ứng dụng. 
526 |a Tin học căn bản (*),TT. Tin học căn bản (*) 
526 |b TN033,TN034 
650 |a Office practice,Thực hành văn phòng,Thực hành văn phòng,Office practice 
650 |x Computer programs,Chương trình máy tính,Xử lý dữ liệu,data processing 
650 |z Vietnam,Việt Nam,Việt Nam,Vietnam 
904 |i Cẩm Thân 
980 |a Trung tâm Học liệu Trường Đại học Cần Thơ